000 00626nam a22002177i 4500
003 DO-SdBNP
005 20230519123057.0
007 ta
008 230414b1984 dr ||||| |||| 00| 0 spa d
040 _aDO-SdBNP
_bspa
_cBNPHU
_erda
082 4 _222
245 1 0 _aUna interpretación de la historia costarricense /
_cJuan Bosch.
264 _aSanto Domingo :
_bAlfa y Omega,
_c1984.
300 _a51 páginas ;
_c21 cm.
336 _2rdacontent
_atexto
_btxt
337 _2rdamedia
_asin mediación
_bn
338 _2rdacarrier
_avolumen
_bnc
590 _aInventariado, 2023 /LP
910 _alopérez
942 _2ddc
_cLBS1
999 _c53261
_d53261